000 00458nam a2200181Ia 4500
005 20250423101036.0
008 250422s9999 xx 000 0 und d
020 _a0-316-89718-3
050 _aQC 23 .V25/
100 _aVan Heuvelen, Alan
245 0 _aStudy guide and workbook for physics, a general introduction
250 _a2nd ed.
260 _aBoston
260 _bLittle, Brown and Company
260 _c1986
300 _a361 p
942 _cBK
999 _c35109
_d35109